000 00527nam a2200193Ia 4500
003 OSt
005 20221007082723.0
006 a|||||r|||| 00| 0
007 ta
008 221006b |||||||| |||| 00| 0 eng d
024 _a23,033
037 _cDissertations
040 _aFLL
_cFLL
_beng
041 _2eng
_aeng
100 _aKrishnan Shubha
_9699319
245 0 _aProtection of scheduled castes by law-scope & limits of the law on atrocities
942 _cDIS
_2CC
999 _c1167495
_d1167495